Infographics : the power of visual storytelling (Record no. 12856)
[ view plain ]
| 000 -LEADER | |
|---|---|
| fixed length control field | 00334nam a22001337a 4500 |
| 020 ## - INTERNATIONAL STANDARD BOOK NUMBER | |
| International Standard Book Number | 9781118314043 |
| 082 ## - DEWEY DECIMAL CLASSIFICATION NUMBER | |
| Classification number | 302.23 LAN |
| 100 ## - MAIN ENTRY--PERSONAL NAME | |
| Personal name | Lankow, Jason |
| 245 ## - TITLE STATEMENT | |
| Title | Infographics : the power of visual storytelling |
| 260 ## - PUBLICATION, DISTRIBUTION, ETC. | |
| Place of publication, distribution, etc. | New York |
| Name of publisher, distributor, etc. | John Wiley |
| Date of publication, distribution, etc. | 2012 |
| 300 ## - PHYSICAL DESCRIPTION | |
| Extent | 263p. : |
| Accompanying material | 22 cm |
| 650 ## - SUBJECT ADDED ENTRY--TOPICAL TERM | |
| Topical term or geographic name entry element | Visual communication |
| 942 ## - ADDED ENTRY ELEMENTS (KOHA) | |
| Koha item type | Book |
| Withdrawn status | Lost status | Damaged status | Not for loan | Collection code | Permanent Location | Current Location | Shelving location | Date acquired | Source of acquisition | Cost, normal purchase price | Total Checkouts | Total Renewals | Full call number | Barcode | Date last seen | Date last checked out | Price effective from | Koha item type |
|---|---|---|---|---|---|---|---|---|---|---|---|---|---|---|---|---|---|---|
| Central Library (CL) | Central Library (CL) | General Stacks | 04/30/2014 | Grace Books | 2378.37 | 5 | 4 | 302.23 LAN | SEECS013195 | 01/10/2024 | 10/01/2018 | 04/30/2014 | Book |
